| 000 | 00566nam a22001817a 4500 | ||
|---|---|---|---|
| 003 | OSt | ||
| 005 | 20260310033124.0 | ||
| 008 | 260310b |||||||| |||| 00| 0 eng d | ||
| 020 | _a0-8423-1466-0 | ||
| 040 |
_aDWCL-Main Lib _cOC |
||
| 082 | _aProf. 302 P263 1996 | ||
| 100 | _aParrot, Les | ||
| 245 | _aHigh - maintenance relationships : how to handle impossible people / | ||
| 260 |
_aIllinois, U.S.A. : _bTyndale House Publishers, _c c1996. |
||
| 300 |
_a245 p. : _b(alk paper) _c21 cm. |
||
| 650 | _aInterpersonal relationships. | ||
| 942 |
_2ddc _cPROF. _mProf. _n0 |
||
| 999 |
_c8843 _d8843 |
||